प्रेरक लघुकथाएँ (Record no. 395252)

MARC details
000 -LEADER
fixed length control field 00620 a2200205 4500
005 - DATE & TIME
control field 20260218155441.0
008 - FIXED-LENGTH DATA ELEMENTS--GENERAL INFORMATION
fixed length control field 260218b |||||||| |||| 00| 0 eng d
020 ## - ISBN
International Standard Book Number 9789389625172
Price रु 450.00
040 ## - CATALOGING SOURCE
Original cataloging agency VIVEKANANDA LIBRARY
082 ## - DDC NUMBER
Classification number 891.43301741
Book Number MK264P
100 ## - MAIN ENTRY--PERSONAL NAME
Personal name मधुकांत
110 ## - MAIN ENTRY--CORPORATE NAME
Corporate name
245 ## - TITLE STATEMENT
Title प्रेरक लघुकथाएँ
250 ## - EDITION STATEMENT
Edition statement Latest edition
260 ## - PUBLICATION, DISTRIBUTION, ETC. (IMPRINT)
Name of publisher, distributor, etc मोनिका प्रकाशन
Place of publication, distribution, etc दिल्ली
Date of publication, distribution, etc 2020
300 ## - PHYSICAL DESCRIPTION
Pages 159
650 ## - Subject
Subject हिन्दी साहित्य
651 ## - SUBJECT ADDED ENTRY--GEOGRAPHIC NAME
Geographic name कहानी संग्रह
942 ## - ADDED ENTRY ELEMENTS (KOHA)
Koha item type Hindi Books
Holdings
Withdrawn status Lost status Source of classification or shelving scheme Damaged status Not for loan Location (home branch) Sublocation or collection (holding branch) Date acquired Koha issues (times borrowed) Accession No. Koha date last seen Koha item type
    Dewey Decimal Classification     VIVEKANANDA LIBRARY VIVEKANANDA LIBRARY 21/01/2026   444578 21/01/2026 Books
© Designed and Maintained by Vivekananda Library, MDU Rohtak